Le livre des nombres carrés
Salvato in:
| Autore principale: | |
|---|---|
| Natura: | Libro |
| Lingua: | francese |
| Pubblicazione: |
París
Albert Blanchard
1952
|
| Soggetti: | |
| Tags: |
Aggiungi Tag
Nessun Tag, puoi essere il primo ad aggiungerne!!
|
MARC
| LEADER | 00000nam a2200000 a 4500 | ||
|---|---|---|---|
| 001 | UCP3379 | ||
| 003 | CL-VaPUC | ||
| 008 | 990618e19520000FR |||||||||||||||||fre|d | ||
| 082 | 0 | 4 | |a 512.72 |b PIS |2 21 |
| 100 | 0 | |a Pisa, Leonardo de |e author |9 430611 | |
| 245 | 1 | 3 | |a Le livre des nombres carrés |
| 300 | |a 72 p | ||
| 942 | |c BK | ||
| 945 | |d 19990618 00:00:00 |a crobeson | ||
| 260 | |a París |b Albert Blanchard |c 1952 | ||
| 650 | 0 | |a Teoría de números |9 265327 | |
| 650 | 0 | |a Sistemas numéricos |9 421917 | |
| 583 | |a last modification |c 19990618 00:00:00 |k Rodrigo Vera | ||
| 999 | |c 281708 |d 281706 | ||
| 952 | |0 0 |1 0 |4 0 |6 512_720000000000000_PIS_1952 |7 0 |8 A |9 322679 |a BIBMAT |b BIBMAT |d 2019-11-20 |i 1350498 |o 512.72 PIS 1952 |p 1350498 |r 2025-01-07 |w 2019-11-20 |y BK |k MAT | ||